000 00720nam a22001935i 4500
001 48505
003 ES-MaACL
005 20251123063301.0
007 t|
008 950721s1892 phl ||||1| spa d
040 _aCAM
_bspa
_cCAM
100 0 _aDelgado, Juan J.,
_c(S.I.)
_943416
245 1 0 _aHistoria general sacro-profana, política y natural de la islas del poniente llamadas Filipinas /
_cpor... Juan J. Delgado de la Compañía de Jesús.
260 _aManila :
_b[s.n.],
_c1892 (
_fImp. de El eco de Filipinas de D. Juan Atayde)
300 _a[4], IV, 1009, [3] p., [1] h. de map. pleg. ;
_c23 cm.
651 4 _aFilipinas-
_xHistoria.
_98658
852 _aES-MaACL
_jB-4867
999 _c48505
_d48505